| 000 | 00560nam a22002057a 4500 | ||
|---|---|---|---|
| 005 | 20201125151618.0 | ||
| 008 | 201125b ||||| |||| 00| 0 eng d | ||
| 020 | _a9789389865288 | ||
| 040 |
_aIN-DiNC _cIN-DiNC |
||
| 041 | _deng | ||
| 082 |
_a658 _bBOR |
||
| 100 |
_aBora, Chaitanya _eauthor |
||
| 245 |
_aManagement principles and application/ _cby Chaitanya Gogoi and Rahul Kumar Das |
||
| 250 | _a1st ed. | ||
| 260 |
_aDibrugarh: _bBanalata, _c2020 |
||
| 300 | _a288p. | ||
| 650 | _aCommerce | ||
| 700 |
_aDas, Rahul Kumar _eauthor |
||
| 942 |
_2ddc _cBK |
||
| 999 |
_c11088 _d11088 |
||